Five Most Populated Cities in 2050 by Continent - Statistics

General Stats
  • This quiz has been taken 41 times
  • The average score is 25 of 30
Answer Stats
Continent .. City % Correct
Europe 9.75 mil London
95%
Europe 11.1 mil Paris
95%
Oceania 9.08 mil Sydney
92%
Africa 24.0 mil Cairo
89%
North America 16.4 mil Los Angeles
89%
Oceania 9.61 mil Melbourne
89%
Europe 10.2 mil Moscow
89%
North America 24.8 mil New York City
89%
Oceania 3.50 mil Perth
89%
Asia 32.6 mil Tokyo
89%
South America 11.6 mil Bogota
87%
Oceania 4.20 mil Brisbane
87%
South America 15.5 mil Buenos Aires
87%
Asia 36.2 mil Delhi
87%
Africa 35.0 mil Kinshasa
87%
Europe 6.52 mil Madrid
87%
South America 14.2 mil Rio de Janeiro
87%
North America 11.9 mil Chicago
84%
Africa 32.6 mil Lagos
84%
North America 24.3 mil Mexico City
84%
South America 22.8 mil São Paulo
84%
Oceania 2.19 mil Adelaide
82%
Europe 14.2 mil Istanbul
82%
Asia 42.4 mil Mumbai
82%
South America 11.6 mil Lima
79%
North America 7.53 mil Miami
76%
Asia 35.2 mil Dhaka
74%
Asia 33.0 mil Kolkata
71%
Africa 15.9 mil Dar es Salaam
66%
Africa 15.9 mil Khartoum
63%
No matching quizzes found
Score Distribution
Percent of People with Each Score
Percentile by Number Answered
Your Score History
You have not taken this quiz